000 00313nam a22001457a 4500
008 211020b ||||| |||| 00| 0 eng d
020 _a9780395907658
041 _aeng
080 _a159.9
082 _a159.9
100 _a48
101 _aPSI
245 _aPersonality Theories
_cEngler,B
942 _2udc
_cBK
999 _c58297
_d58297